Microbial cell walls.

Bibliographic Details
Main Author: Salton, Milton R. J.
Format: Book
Language:English
Published: New York : Wiley, 1960
Series:CIBA lectures in microbial biochemistry, 1960
Subjects:

MARC

Tag First Indicator Second Indicator Subfields
LEADER 00000cam a2200000 4500
001 in00000045163
005 20151007071120.0
008 740520c19601961nyua b 00000 eng u
010 |a  61011497  
035 |a (OCoLC)00891100 
035 |9 AAE5347AM 
040 |c ODC  |d TXA  |d UtOrBLW 
049 |a TXAM  |c [333512] 
050 0 |a QR84  |b .S33 
092 |a 581.875  |b S179m, 1960 
100 1 |a Salton, Milton R. J. 
245 1 0 |a Microbial cell walls. 
264 1 |a New York :  |b Wiley,  |c 1960 
264 4 |c [©1961] 
300 |a 94p :  |b illustrations ;  |c 20cm. 
336 |a text  |b txt  |2 rdacontent 
337 |a unmediated  |b n  |2 rdamedia 
338 |a volume  |b nc  |2 rdacarrier 
490 0 |a CIBA lectures in microbial biochemistry, 1960 
650 0 |a Microbiology. 
650 0 |a Cytology. 
650 0 |a Biochemistry. 
999 |a MARS 
999 f f |s a70ca6e4-92bc-39fd-9ad1-5defcd79a916  |i 74dfba93-7e8d-35c8-ad9e-013c709ee138  |t 0 
952 f f |p ric  |a Texas A&M University  |b Rellis Campus  |c Joint Library Facility  |d Remote Storage  |t 0  |e QR84 .S33  |h Library of Congress classification  |i unmediated -- volume  |l 1960  |m A14800991761 
998 f f |a QR84 .S33  |t 0  |l Remote Storage